| 000 | 01221nam a22002297a 4500 | ||
|---|---|---|---|
| 003 | OSt | ||
| 005 | 20260122195438.0 | ||
| 008 | 230414b ||||| |||| 00| 0 eng d | ||
| 040 | _cOst | ||
| 041 | _ashan | ||
| 082 | _a001 | ||
| 245 |
_aလႅင်းသႂ်တႆးမၢႆ-1။ _cငဝ်ႈငုၼ်းၵေႃလိၵ်ႈလၢႆးလႄႈၾိင်ႈငႄႈတႆး |
||
| 250 | _aပွၵ်ႈၵမ်း-2 | ||
| 260 |
_aတႃႈၵုင်ႈ _bမွၵ်ႇၵူႇသွႆႈလႅင် _c1999 |
||
| 300 |
_a165 ၼႃႈ _bႁၢငႈ _c21 ၸိၼ်ႇထီႇ |
||
| 500 | _aS-SAT: Dr. Prof Sai Aung Tun | ||
| 500 | _aပပ်ႉၸဝ်ႈတႃႇၼႁင်းၶေႃ တွၵ်ႉတိူဝ်ႇၸၢႆးဢွင်ႇထုၼ်း၊ တႅမ်ႈဝႆႉတင်းတႆး၊ မၢၼ်ႈ လႄႈ ဢင်းၵိတ်းသၢမ်ၽႃႇသႃႇ။ တီႈမၢႆတွင်းၽုၺ်ႇလုမ်းငဝ်ႈငုၼ်းဝၼ်းထ 2၊ 6၊ 2012။ | ||
| 650 | _aပႁုသုတ (တၢင်းႁူႉၵူႈလွင်ႈလွင်ႈ) | ||
| 942 | _cBK1 | ||
| 942 | _2ddc | ||
| 942 | _2ddc | ||
| 999 |
_c23986 _d23986 |
||